Niekoľko poznámok k zákonu o vlastníctve bytov a nebytových priestorov.

Niektoré problémy, ktoré môžu vzniknúť pri aplikácii bytového zákona v praxi. Otázky prevodu bytov do vlastníctva právnickým osobám, ako aj o určenie ceny bytov podľa ­ 18 ods.2 bytového zákona.

Gespeichert in:
Bibliographische Detailangaben
1. Verfasser: Kirstová, V.
Format: Buchkapitel
Sprache:Slowakisch
Schlagworte:
Tags: Tag hinzufügen
Keine Tags, Fügen Sie das erste Tag hinzu!

MARC

LEADER 00000naa a2200000 4500
001 r024029
005 20221205090835.8
041 0 |a slo 
044 |a SK 
245 1 0 |a Niekoľko poznámok k zákonu o vlastníctve bytov a nebytových priestorov.  |c V. Kirstová 
520 |a Niektoré problémy, ktoré môžu vzniknúť pri aplikácii bytového zákona v praxi. Otázky prevodu bytov do vlastníctva právnickým osobám, ako aj o určenie ceny bytov podľa ­ 18 ods.2 bytového zákona. 
610 2 0 |a zákony 
610 2 0 |a Slovensko 
610 2 0 |a zákonník občiansky 
610 2 0 |a byty 
610 2 0 |a priestory nebytové 
610 2 0 |a ceny 
610 2 0 |a vlastníctvo osobné 
610 2 0 |a osoby právnické 
100 1 |a Kirstová, V.